Statistics for Nicknames of World Cup Soccer Teams

Click here to take the quiz!

General Stats

  • This quiz has been taken 537 times
  • The average score is 16 of 32

Answer Stats

Hint Answer % Correct
Die MannschaftGermany
89%
Les BleusFrance
84%
OranjeNetherlands
82%
The SocceroosAustralia
80%
The Three LionsEngland
79%
The YanksUSA
77%
AzzurriItaly
76%
Blue SamuraiJapan
74%
SeleçãoBrazil
72%
The Red DevilsBelgium
67%
Les ElephantsIvory Coast
59%
La Furia RojaSpain
58%
Seleção das QuinasPortugal
57%
La AlbicelesteArgentina
57%
The Black StarsGhana
55%
The Super EaglesNigeria
52%
La RojaChile
50%
Taeguk WarriorsSouth Korea
44%
El TriMexico
43%
Lions IndomptablesCameroon
42%
La CelesteUruguay
42%
Los TicosCosta Rica
40%
Los CafeterosColombia
40%
EthnikiGreece
37%
Les FennecsAlgeria
35%
SbornayaRussia
29%
Los CatrachosHonduras
25%
La TricolorEcuador
22%
VatreniCroatia
19%
La NatiSwitzerland
18%
Team MelliIran
17%
The DragonsBosnia and Herzegovina
16%

Score Distribution

Percentile by Number Answered

Percent of People with Each Score

Your Score History

You have not taken this quiz